| 000 | 00636nam a2200157 a 4500 | ||
|---|---|---|---|
| 001 | 000039990 | ||
| 005 | 20201002033842.0 | ||
| 008 | 130802s2010 mx 000 0 spa d | ||
| 020 | _a9786070220395 | ||
| 100 | 1 |
_aCaso, Antonio _941112 |
|
| 245 | 1 | 3 |
_aLa Oda a la Música : _bdiscurso de ingreso a la Academia Mexicana de la Lengua, 4 de enerode 1921 / _cAntonio Caso ; respuesta de José López Portillo y Roja. |
| 260 |
_aMéxico : _bDirección General de Publicaciones y Fomento Editorial : _bAcademia Mexicana de la Lengua, _c2010. |
||
| 300 |
_a62 p. ; _c18 cm. |
||
| 700 | 1 |
_aPortillo y Roja, José López _966216 |
|
| 999 |
_c39480 _d39480 |
||
| 040 | _aDO-SdBNP | ||